Las ídeas políticas modernas (Record no. 135665)

MARC details
000 -LEADER
campo de control de longitud fija 00675nam a2200205 i 4500
001 - NÚMERO DE CONTROL
campo de control 135665
003 - IDENTIFICADOR DE NÚMERO DE CONTROL
campo de control ES-MaACL
005 - FECHA Y HORA DE LA ÚLTIMA TRANSACCIÓN
campo de control 20250728095019.0
007 - CAMPO FIJO DE DESCRIPCIÓN FÍSICA--INFORMACIÓN GENERAL
campo de control de longitud fija t|
008 - DATOS DE LONGITUD FIJA--INFORMACIÓN GENERAL
campo de control de longitud fija 070730s1939 sp ||||1| spa d
100 1# - ENTRADA PRINCIPAL--NOMBRE DE PERSONA
Nombre de persona Torrente Ballester, Gonzalo,
Fechas asociadas al nombre 1910-1999
9 (RLIN) 110850
245 14 - MENCIÓN DEL TÍTULO
Título Las ídeas políticas modernas
Resto del título : el liberalismo /
Mención de responsabilidad, etc. Gonzalo Torrente Ballester.
260 ## - PUBLICACIÓN, DISTRIBUCIÓN, ETC.
Lugar de publicación, distribución, etc. Barcelona :
Nombre del editor, distribuidor, etc. Sopena,
Fecha de publicación, distribución, etc. 1939.
300 ## - DESCRIPCIÓN FÍSICA
Extensión 24 p. ;
Dimensiones 19 cm.
490 1# - MENCIÓN DE SERIE
Mención de serie Cuadernos de orientación política
650 17 - PUNTO DE ACCESO ADICIONAL DE MATERIA--TÉRMINO DE MATERIA
Término de materia o nombre geográfico como elemento de entrada Liberalismo
Fuente del encabezamiento o término embne
9 (RLIN) 14386
830 0# - PUNTO DE ACCESO ADICIONAL DE SERIE-TÍTULO UNIFORME
Título uniforme Cuadernos de orientación política
9 (RLIN) 187019
852 ## - LOCALIZACIÓN
Ubicación ES-MaACL
Número de control de estantería 1834-F-15
Sublocalización o colección R.18374
Holdings
Estatus retirado Estado de pérdida Estado de daño No para préstamo Colección Biblioteca de origen Biblioteca actual Ubicación en estantería Fecha de adquisición Fuente de adquisición Total de préstamos Signatura topográfica completa Código de barras Visto por última vez Precio de reemplazo Tipo de ítem Koha
        Colección de folletos Biblioteca del Ateneo de Madrid Biblioteca del Ateneo de Madrid Depósito folletos 17/01/2008     1834-F-15 1141195 23/02/2023 23/02/2023 Folleto